|
|
|
|
| LEADER |
00000nam0a2200000 4500 |
| 001 |
28063 |
| 005 |
20231101205831.0 |
| 010 |
|
|
|a 5020022829
|
| 035 |
|
|
|a (RuTPU)RU\TPU\book\28319
|
| 035 |
|
|
|a BOOK00028394
|
| 090 |
|
|
|a 28063
|
| 100 |
|
|
|a 20011209d1993 k y0rusy50 ca
|
| 101 |
0 |
|
|a rus
|
| 102 |
|
|
|a RU
|
| 105 |
|
|
|a y z 000zy
|
| 200 |
1 |
|
|a Фитостратиграфия континентальных отложений палеогена и миоцена Внетропической Азии
|f М. А. Ахметьев
|g Российская академия наук, Геологический институт (ГИН РАН)
|
| 210 |
|
|
|a Москва
|c Наука
|d 1993
|
| 215 |
|
|
|a 143 с.
|
| 225 |
1 |
|
|a Труды ГИН (Геологического института РАН)
|v Вып. 475
|
| 320 |
|
|
|a Библиогр.: с. 130-139.
|
| 606 |
|
|
|a Фитостратиграфия
|2 stltpush
|3 (RuTPU)RU\TPU\subj\63986
|9 80916
|
| 610 |
1 |
|
|a палеонтология
|
| 610 |
1 |
|
|a палеоген
|
| 610 |
1 |
|
|a миоцен
|
| 610 |
1 |
|
|a стратиграфия
|
| 610 |
1 |
|
|a флора
|
| 610 |
1 |
|
|a Центральная Азия
|
| 610 |
1 |
|
|a Восточная Азия
|
| 610 |
1 |
|
|a Дальний Восток
|
| 610 |
1 |
|
|a Северо-Восток
|
| 610 |
1 |
|
|a Сибирь
|
| 610 |
1 |
|
|a Казахстан
|
| 610 |
1 |
|
|a Закавказье
|
| 610 |
1 |
|
|a Западная Азия
|
| 675 |
|
|
|a 561
|v 3
|
| 700 |
|
1 |
|a Ахметьев
|b М. А.
|g Михаил Алексеевич
|
| 712 |
0 |
2 |
|a Российская академия наук
|b Геологический институт (ГИН РАН)
|c (Москва)
|2 stltpush
|3 (RuTPU)RU\TPU\col\165
|
| 801 |
|
0 |
|a RU
|b 63413507
|c 20011209
|g PSBO
|
| 801 |
|
2 |
|a RU
|b 63413507
|c 20180301
|g PSBO
|
| 942 |
|
|
|c BK
|